000 00205nam a22000857a 4500
008 170113b xxu||||| |||| 00| 0 eng d
100 _92377
_aCBSE
245 _aLab Mathematics-X
260 _aNew Delhi
_bCBSE
_c2007
999 _c5373
_d5373